Statistics for Countries Closest to Ethiopia - One Minute Sprint

Click here to take the quiz!

General Stats

  • This quiz has been taken 34 times
  • The average score is 15 of 20

Answer Stats

kmcountry% Correct
0Eritrea
97%
0Djibouti
93%
0Kenya
93%
0Somalia
93%
1165Chad
90%
0South Sudan
90%
0Sudan
90%
521Dem Rep Congo
83%
326Saudi Arabia
83%
649Tanzania
83%
681Central African Republic
76%
1236Oman
76%
109Yemen
76%
871Rwanda
72%
195Uganda
72%
978Burundi
69%
1383Libya
48%
1547Malawi
48%
1548Mozambique
48%
1484Seychelles
31%

Score Distribution

Percentile by Number Answered

Percent of People with Each Score

Your Score History

You have not taken this quiz